000 00732nam a2200265 i 4500
001 bg
100 1 _aSobczak, Jacek
_d(1946- ).
245 1 0 _aPrawo prasowe /
_cJacek Sobczak.
260 _aWarszawa :
_b"Muza",
_c2000.
300 _a466, [2] s. ;
_c20 cm.
490 1 _aThemis
500 _aNa okł. podtyt.: podręcznik akademicki.
650 9 _aPrawo prasowe
_zPolska
_ystan na 2000 r.
650 9 _aPrawo prasowe
_xhistoria
655 _aPodręczniki akademickie
700 1 _aBibliogr. przy rozdz,
830 _aThemis
020 _a8372006148
040 _cBPK
041 0 _apl
080 _a351.751:050+070](438)(075.8)
920 _a83-7200-614-8
942 _cKS
008 s pl f |000 0 pol
999 _c38494
_d38494
856 _uhttp://koha.tu.koszalin.pl/cgi-bin/koha/opac-detail.pl?biblionumber=38494
_yKatalog online BPK